000 00609nam a2200253Ia 4500
005 20250425162015.0
008 250425s9999 xx 000 0 und d
020 _a9701027566
041 _aspa
082 _a515.15
100 _aLARSON, ROLAND E
245 0 _aCALCULO Y GEOMETRIA ANALITICA
250 _a6A ED.
260 _aMEXICO
260 _aMéxico
_bMCGRAW-HILL
_c1999
650 _aCALCULO
650 _aCALCULO
650 _aGEOMETRIA ANALITICA
650 _aGEOMETRIA ANALITICA
700 _aEDWARDS, BRUCE H.
700 _aHOSTETLER, ROBERT P.
942 _c01
010 _a40207
999 _c220531
_d220531